IFM Opac

The New Finance: Overreaction, Complexity and their Consequences (Record no. 11804)

MARC details
000 -LEADER
fixed length control field 00563nam a2200205Ia 4500
003 - CONTROL NUMBER IDENTIFIER
control field OSt
005 - DATE AND TIME OF LATEST TRANSACTION
control field 20220830105322.0
008 - FIXED-LENGTH DATA ELEMENTS--GENERAL INFORMATION
fixed length control field 220811b |||||||| |||| 00| 0 eng d
020 ## - INTERNATIONAL STANDARD BOOK NUMBER
International Standard Book Number 0132775875
040 ## - CATALOGING SOURCE
Transcribing agency IFM Library
082 ## - DEWEY DECIMAL CLASSIFICATION NUMBER
Classification number 332.64 2
100 ## - MAIN ENTRY--PERSONAL NAME
Personal name Haugen, Robert A.
9 (RLIN) 6056
245 #4 - TITLE STATEMENT
Title The New Finance: Overreaction, Complexity and their Consequences
250 ## - EDITION STATEMENT
Edition statement 4th ed.
260 ## - PUBLICATION, DISTRIBUTION, ETC.
Place of publication, distribution, etc. Boston:
Name of publisher, distributor, etc. Person Prentice Hall.
Date of publication, distribution, etc. 2006
300 ## - PHYSICAL DESCRIPTION
Extent xii, 141p.:
Other physical details ill.; 23cm.
500 ## - GENERAL NOTE
General note Includes Glossary
650 ## - SUBJECT ADDED ENTRY--TOPICAL TERM
Topical term or geographic name entry element Finance
9 (RLIN) 638
942 ## - ADDED ENTRY ELEMENTS (KOHA)
Koha item type Books
Source of classification or shelving scheme Dewey Decimal Classification
Suppress in OPAC No
Holdings
Withdrawn status Lost status Source of classification or shelving scheme Damaged status Not for loan Collection code Home library Current library Shelving location Date acquired Source of acquisition Full call number Barcode Date last seen Price effective from Koha item type
    Dewey Decimal Classification     Non-fiction IFM Main Campus Library IFM Main Campus Library General Collection 08/11/2022 Purchase 332.64 2 HAU 0000027997 05/15/2015 02/19/2022 Books
    Dewey Decimal Classification     Non-fiction IFM Main Campus Library IFM Main Campus Library General Collection 08/11/2022 Purchase 332.64 2 HAU 0000027995 05/15/2015 02/19/2022 Books
    Dewey Decimal Classification     Non-fiction IFM Main Campus Library IFM Main Campus Library Special Reserve Collection 08/30/2022 Purchase 332.64 2 HAU 0000027998 09/07/2016 02/19/2022 Books
    Dewey Decimal Classification     Non-fiction IFM Main Campus Library IFM Main Campus Library Special Reserve Collection 08/30/2022 Purchase 332.64 2 HAU 0000028001 09/07/2016 02/19/2022 Books
    Dewey Decimal Classification     Non-fiction IFM Main Campus Library IFM Main Campus Library General Collection 08/11/2022 Purchase 332.64 2 HAU 0000028000 10/04/2021 10/04/2021 Books